Music Quiz

Random Music or Album Quiz

Emperor songs Quiz Stats

 Plays Quiz not verified by Sporcle

Score 0/34 Timer 07:00
0 Plays Today
Album % Correct
In the Nightside EclipseI Am the Black Wizards
93.3%
In the Nightside EclipseInno a Satana
88.9%
IX EquilibriumCurse You All Men!
77.8%
In the Nightside EclipseInto the Infinity of Thoughts
68.9%
Anthems to the Welkin at DuskThus Spake the Nightspirit
68.9%
Anthems to the Welkin at DuskYe Entrancemperium
64.4%
In the Nightside EclipseIntro
62.2%
Anthems to the Welkin at DuskWith Strength I Burn
62.2%
In the Nightside EclipseBeyond the Great Vast Forest
60%
Anthems to the Welkin at DuskThe Wanderer
60%
In the Nightside EclipseCosmic Keys to My Creations & Times
55.6%
In the Nightside EclipseThe Majesty of the Nightsky
55.6%
Anthems to the Welkin at DuskThe Loss and Curse of Reverence
53.3%
Prometheus - The Discipline of Fire & DemiseEmpty
53.3%
In the Nightside EclipseTowards the Pantheon
51.1%
Prometheus - The Discipline of Fire & DemiseThe Eruption
48.9%
In the Nightside EclipseThe Burning Shadows of Silence
44.4%
Album % Correct
Anthems to the Welkin at DuskThe Acclamation of Bonds
42.2%
IX EquilibriumAn Elegy of Icaros
42.2%
IX EquilibriumThe Warriors of Modern Death
42.2%
Prometheus - The Discipline of Fire & DemiseThe Tongue of Fire
37.8%
Prometheus - The Discipline of Fire & DemiseThorns on My Grave
37.8%
IX EquilibriumThe Source of Icon E
35.6%
IX EquilibriumSworn
35.6%
Prometheus - The Discipline of Fire & DemiseIn the Wordless Chamber
35.6%
Prometheus - The Discipline of Fire & DemiseGrey
35.6%
Anthems to the Welkin at DuskAlsvartr (The Oath)
33.3%
Anthems to the Welkin at DuskEnsorcelled by Khaos
33.3%
IX EquilibriumDecrystallizing Reason
33.3%
Prometheus - The Discipline of Fire & DemiseDepraved
28.9%
Prometheus - The Discipline of Fire & DemiseHe Who Sought the Fire
28.9%
Prometheus - The Discipline of Fire & DemiseThe Prophet
26.7%
IX EquilibriumNonus Aequilibrium
24.4%
IX EquilibriumOf Blindness and Subsequent Seers
24.4%

You're not logged in!

Compare scores with friends on all Sporcle quizzes.
OR
Log In

Show Comments

Extras

Top Quizzes Today


Score Distribution

Your Account Isn't Verified!

In order to create a playlist on Sporcle, you need to verify the email address you used during registration. Go to your Sporcle Settings to finish the process.

Report this User

Report this user for behavior that violates our Community Guidelines.

Details: